Report on incentives schemes in Indian industries (Record no. 497527)

000 -LEADER
fixed length control field 00380cam a22001097a 4500
008 - FIXED-LENGTH DATA ELEMENTS--GENERAL INFORMATION
fixed length control field 180718b1980 xxu||||| |||| 00| 0 eng d
082 ## - DEWEY DECIMAL CLASSIFICATION NUMBER
Classification number T2x54 In2in
245 ## - TITLE STATEMENT
Title Report on incentives schemes in Indian industries
Statement of responsibility, etc. by Labour Bureau, Ministry of Labour
260 ## - PUBLICATION, DISTRIBUTION, ETC.
Place of publication, distribution, etc. Simla
Name of publisher, distributor, etc. Government of India
Date of publication, distribution, etc. 1980
300 ## - PHYSICAL DESCRIPTION
Extent 127+p
700 ## - ADDED ENTRY--PERSONAL NAME
Personal name Himachal Pradesh. Ministry of Labour. Labour Bureau
Holdings
Withdrawn status Lost status Damaged status Not for loan Permanent Location Current Location Date acquired Full call number Barcode Date last seen Price effective from Koha item type
        Indian Institute of Public Administration Indian Institute of Public Administration 2018-08-04 T2x54 In2in GG18830 2018-08-04 2018-08-04 GG

Powered by Koha